<?xml version="1.0" encoding="UTF-8"?><?xml-stylesheet type="text/xsl" href="static/style.xsl"?><OAI-PMH xmlns="http://www.openarchives.org/OAI/2.0/" xmlns:xsi="http://www.w3.org/2001/XMLSchema-instance" xsi:schemaLocation="http://www.openarchives.org/OAI/2.0/ http://www.openarchives.org/OAI/2.0/OAI-PMH.xsd"><responseDate>2026-05-17T01:44:09Z</responseDate><request verb="GetRecord" identifier="oai:repisalud.isciii.es:20.500.12105/23023" metadataPrefix="marc">https://repisalud.isciii.es/rest/oai/request</request><GetRecord><record><header><identifier>oai:repisalud.isciii.es:20.500.12105/23023</identifier><datestamp>2024-11-28T20:20:55Z</datestamp><setSpec>com_20.500.12105_15322</setSpec><setSpec>com_20.500.12105_2051</setSpec><setSpec>col_20.500.12105_16967</setSpec></header><metadata><record xmlns="http://www.loc.gov/MARC21/slim" xmlns:dcterms="http://purl.org/dc/terms/" xmlns:doc="http://www.lyncode.com/xoai" xmlns:xsi="http://www.w3.org/2001/XMLSchema-instance" xsi:schemaLocation="http://www.loc.gov/MARC21/slim http://www.loc.gov/standards/marcxml/schema/MARC21slim.xsd">
   <leader>00925njm 22002777a 4500</leader>
   <datafield ind2=" " ind1=" " tag="042">
      <subfield code="a">dc</subfield>
   </datafield>
   <datafield ind2=" " ind1=" " tag="720">
      <subfield code="a">Serrano-Ripoll, Maria Jesus</subfield>
      <subfield code="e">author</subfield>
   </datafield>
   <datafield ind2=" " ind1=" " tag="720">
      <subfield code="a">Ripoll Amengual, Joana</subfield>
      <subfield code="e">author</subfield>
   </datafield>
   <datafield ind2=" " ind1=" " tag="720">
      <subfield code="a">Briones-Vozmediano, Erica</subfield>
      <subfield code="e">author</subfield>
   </datafield>
   <datafield ind2=" " ind1=" " tag="720">
      <subfield code="a">Llobera Cànaves, Joan</subfield>
      <subfield code="e">author</subfield>
   </datafield>
   <datafield ind2=" " ind1=" " tag="720">
      <subfield code="a">Fiol-deRoque, Maria Antonia</subfield>
      <subfield code="e">author</subfield>
   </datafield>
   <datafield ind2=" " ind1=" " tag="720">
      <subfield code="a">Ricci-Cabello, Ignacio</subfield>
      <subfield code="e">author</subfield>
   </datafield>
   <datafield ind2=" " ind1=" " tag="260">
      <subfield code="c">2020-11-28</subfield>
   </datafield>
   <datafield ind2=" " ind1=" " tag="520">
      <subfield code="a">Patient feedback interventions are receiving increasing attention given their potential to improve health care provision. However, primary health care (PHC) professionals' acceptability and perceived utility of this type of interventions remain largely unexplored. The aim of this study was to explore PHC professionals' perceptions, opinions and suggestions about a patient feedback intervention currently being designed to improve patient safety in Spanish PHC centres. We conducted an exploratory qualitative study with 43 PHC professionals. Information was obtained from three semi-structured interviews and four focus groups. All data were audio-recorded, transcribed and analyzed using content analysis by three analysts. The patient feedback intervention was acceptable to health care professionals, who perceived it as a useful strategy to improve health care processes and activate patients. A number of factors potentially limiting the acceptability and perceived utility of the intervention were identified (low patient safety culture, low patient-centred care orientation and limited credibility of patient feedback data). Recommendations for designing and implementing the proposed intervention in the Spanish PHC centres were identified in relation to the following areas: 'collection and analysis of feedback data'; 'feedback display'; 'feedback delivery' and; 'implementation of safety improvement initiatives'. Although the proposed intervention was generally perceived as useful and acceptable, our study identified a number of tensions about the practical aspects of using the patient-reported data and the credibility of the data and what actions would arise from its use. The intervention has been adapted to address these tensions before its formal evaluation in a randomized clinical trial.</subfield>
   </datafield>
   <datafield ind1="8" ind2=" " tag="024">
      <subfield code="a">Serrano-Ripoll MJ, Ripoll J, Briones-Vozmediano E, Llobera J, Fiol-deRoque MA, Ricci-Cabello I. Exploring primary health care professionals perceptions about a patient feedback intervention to improve patient safety in Spanish primary health care centres: a qualitative study. Fam Pract. 19 maig 2020.</subfield>
   </datafield>
   <datafield ind1="8" ind2=" " tag="024">
      <subfield code="a">10.1093/fampra/cmaa051</subfield>
   </datafield>
   <datafield ind1="8" ind2=" " tag="024">
      <subfield code="a">1460-2229</subfield>
   </datafield>
   <datafield ind1="8" ind2=" " tag="024">
      <subfield code="a">Family practice</subfield>
   </datafield>
   <datafield ind1="8" ind2=" " tag="024">
      <subfield code="a">https://hdl.handle.net/20.500.13003/18721</subfield>
   </datafield>
   <datafield ind1="8" ind2=" " tag="024">
      <subfield code="a">32424409</subfield>
   </datafield>
   <datafield ind1="8" ind2=" " tag="024">
      <subfield code="a">L2011025355</subfield>
   </datafield>
   <datafield ind1="8" ind2=" " tag="024">
      <subfield code="a">2-s2.0-85097003816</subfield>
   </datafield>
   <datafield ind1="8" ind2=" " tag="024">
      <subfield code="a">https://hdl.handle.net/20.500.12105/23023</subfield>
   </datafield>
   <datafield ind1="8" ind2=" " tag="024">
      <subfield code="a">607076800014</subfield>
   </datafield>
   <datafield ind2="0" ind1="0" tag="245">
      <subfield code="a">Exploring primary health care professionals' perceptions about a patient feedback intervention to improve patient safety in Spanish primary health care centres: a qualitative study</subfield>
   </datafield>
</record></metadata></record></GetRecord></OAI-PMH>